Liam Manning's Last Norwich City Starting 11 - Statistics

General Stats
  • This quiz has been taken 2 times
  • The average score is 6 of 11
Answer Stats
Position Answer % Correct
ST Joshua Sargent
100%
RB Kellen Fisher
100%
LCB Harry Darling
50%
RCB Jakov Medić
50%
RW Jovon Makama
50%
LB Kenny McLean
50%
DM Mirko Topić
50%
LW Oscar Schwartau
50%
DM Pelle Mattsson
50%
GK Vladan Kovačević
50%
AM Mathias Kvistgaarden
0%
No matching quizzes found
Score Distribution
Percent of People with Each Score
Percentile by Number Answered
Your Score History
You have not taken this quiz